| 000 | 00581cam a22002057a 4500 | ||
|---|---|---|---|
| 001 | 000890 | ||
| 003 | armpunfd | ||
| 005 | 20140612090624.0 | ||
| 008 | 011019e1993####xx#a##########000#0#und#d | ||
| 040 |
_aarmpunfd _carmpunfd |
||
| 080 | _a347 (460.23) M 37 | ||
| 100 | 1 | 0 | _a Mas Solench, Josep M. |
| 245 | 1 | 0 | _aLegislacio civil del parlament de catalunya |
| 260 |
_a Catalunya _b Generalitat De Catalunya _c1993 |
||
| 300 | _a130p. | ||
| 650 | 7 |
_a Legislacion Civil _2LEMB |
|
| 650 | 7 |
_a Parlamento De Catalunia _2LEMB |
|
| 942 |
_cLB _2cdu |
||
| 945 |
_aCatalis _d2010-08-19 |
||
| 999 |
_c881 _d231385 |
||